000 00741nam a2200229Ia 4500
003 GCL
008 140319s9999 xx 000 0 ara d
020 _a6128270977
040 _aGCL /
_cGCL
082 0 4 _a843.03
_bج ل
100 1 _aمحمود قاسم
245 1 0 _aاللااخلاقى :
_bL,IMMORALISTE /
_cمحمود قاسم
700 1 _aمحمد حجى
700 1 _aجيد، اندريه
250 _aالثانية
260 _aالقاهرة :
_bالدار المصرية اللبنانية ،
_c2004
300 _a159 ص ؛
_c21 سم
490 _aرويات جائزة نوبل
_v1
650 0 4 _aالادب الفرنسى المترجم
650 0 4 _aالقصص الفرنسية المترجمة
942 _2ddc
_cBK
999 _c8004
_d8004